000 05362nam0a22005171 4500
001 RU\NLR\BIBL_A\011652027
005 20260408075856.0
035 _a(NLR Aleph) 011652027
090 _a11133148
_c11133148
100 _a20180305j1802 |||y0rusy50 ca
101 0 _arus
102 _aRU
105 _ay n 000yy
200 1 _aУказ его императорскаго величества самодержца всероссийскаго
_e[О продаже Владимирской врачебной управой книг: "О любострастных болезнях", "Практическая медицина" доктора Селле, "О распознавании лекарств как простых так и сложных", "О прививании коровьей оспы" Франца Буттаца]
_fиз Владимирскаго губернскаго правления
210 _a[Б.м.
_dавг. 1802]
215 _a[2] с.
_d
300 _aТекст напеч. на одной стороне листа
304 _aТекст начинается словами: По указу его императорскаго величества губернское правление по рапорту здешней Врачебной управы, коим просит о учинении публике...
306 _aВ конце текста дата: Августа дня 1802 года
316 _aЭкз. РНБ (18.88.1.1-4-171-2) является частью владельч. конволюта. Припл. к: Указ его императорскаго величества самодержца всероссийскаго,: [О признании: г. Лессепса генеральным комиссаром купеческих дел Французской республики, г. Руффина унтер-комиссаром в Санкт-Петербурге] / из Правительствующаго Сената. - [Б.м., июль 1802]. Перед текстом рукоп. надпись: "Гавриловскаго посада ратуша", в дате от руки вписано число: "14", в конце текста рукоп. подписи (нечитаемые)
_5NLR: 18.88.1.1-4-171-2
321 1 _aСК 1801-1825 886
321 1 _aСК 1801-1825 901
482 0 _1RU\NLR\BIBL_A\011598109
_12001#$aУказ его императорскаго величества самодержца всероссийскаго,$e[О признании: г. Лессепса генеральным комиссаром купеческих дел Французской республики, г. Руффина унтер-комиссаром в Санкт-Петербурге]$fиз Правительствующаго Сената
_1210##$a[Б.м.$dиюль 1802]
_tУказ его императорскаго величества самодержца всероссийскаго,
517 1 _aПрактическая медицина, или Книга о познании и лечении болезней человеческих
517 1 _aО любострастных болезнях
517 1 _aСпособ разпознавать лекарства как простые так и сложные по их признакам цельности, доброте и открывать в них многоразличные подделки
517 1 _aНаставление о прививании коровьей оспы
517 1 _aПо указу его императорскаго величества губернское правление по рапорту здешней Врачебной управы, коим просит о учинении публике...
518 1 _aУказ его императорского величества самодержца всероссийского
518 1 _aПо указу его императорского величества губернское правление по рапорту здешней Врачебной управы, коим просит о учинении публике...
606 1 _aЗаконодательство
_yРоссия
_z1801 - 1825
_92280395
_3RU\NLR\AUTH\6601594564
686 _aХ2(2)47-3
702 0 _4720
_7ca
_8rus
_aАлександр
_cимператор российский
_dI
_f1777-1825
_9115306
_3RU\NLR\AUTH\775342
702 1 _4570
_7ca
_8rus
_aБухгольц
_bХ. Ф.
_f1770-1818
_gХристиан Фридрих
_9185436
_3RU\NLR\AUTH\770185487
702 1 _4570
_7ca
_8rus
_aЗелле
_bХ. Г.
_f1748-1800
_gХристиан Готлиб
_9185440
_3RU\NLR\AUTH\770185491
702 1 _4570
_7ca
_8rus
_aФрице
_bИ. Ф.
_f1735-1807
_gИоганн Фридрих
_9185449
_3RU\NLR\AUTH\770185500
702 1 _4570
_7ca
_8rus
_aБуттац
_bФ. И.
_f1775-
_gФранц Иванович
_9185454
_3RU\NLR\AUTH\770185505
710 0 1 _4720
_aРоссия
_bИмператор
_c1801-1825; Александр I
_9584940
_3RU\NLR\AUTH\8810042745
711 0 2 _4570
_aВладимирское губернское правление
_9668481
_3RU\NLR\AUTH\8810083170
852 _aNLR
_j18.88.1.1-4-171-2
942 _cBOOK
980 _aNB
980 _aA1XVIIIv
980 _aA1UKAZ